<?xml version="1.0" encoding="UTF-8"?>
<record
    xmlns:xsi="http://www.w3.org/2001/XMLSchema-instance"
    xsi:schemaLocation="http://www.loc.gov/MARC21/slim http://www.loc.gov/standards/marcxml/schema/MARC21slim.xsd"
    xmlns="http://www.loc.gov/MARC21/slim">

  <leader>00263nam a22001097a 4500</leader>
  <datafield tag="020" ind1=" " ind2=" ">
    <subfield code="a">9780070700390</subfield>
  </datafield>
  <datafield tag="082" ind1=" " ind2=" ">
    <subfield code="a">530 BEI</subfield>
  </datafield>
  <datafield tag="100" ind1=" " ind2=" ">
    <subfield code="a">Beiser,Arthur</subfield>
  </datafield>
  <datafield tag="245" ind1=" " ind2=" ">
    <subfield code="a">Fundamentals of Physics with Applications</subfield>
  </datafield>
  <datafield tag="260" ind1=" " ind2=" ">
    <subfield code="a">New Delhi</subfield>
    <subfield code="b">TaTa Mcgrawhill</subfield>
    <subfield code="c">2011</subfield>
  </datafield>
  <datafield tag="942" ind1=" " ind2=" ">
    <subfield code="c">BK</subfield>
  </datafield>
  <datafield tag="999" ind1=" " ind2=" ">
    <subfield code="c">1873</subfield>
    <subfield code="d">1873</subfield>
  </datafield>
  <datafield tag="952" ind1=" " ind2=" ">
    <subfield code="0">0</subfield>
    <subfield code="1">0</subfield>
    <subfield code="7">0</subfield>
    <subfield code="8">NFIC</subfield>
    <subfield code="a">MLCampus</subfield>
    <subfield code="b">MLCampus</subfield>
    <subfield code="c">GEN</subfield>
    <subfield code="d">2015-08-16</subfield>
    <subfield code="g">893.00</subfield>
    <subfield code="l">14</subfield>
    <subfield code="m">2</subfield>
    <subfield code="o">530 BEI</subfield>
    <subfield code="p">006248</subfield>
    <subfield code="r">2024-11-26 09:48:27</subfield>
    <subfield code="s">2024-11-22</subfield>
    <subfield code="w">2015-08-16</subfield>
    <subfield code="y">BK</subfield>
  </datafield>
</record>
